Tiny Almost Useless Trivia XI Quiz Stats

 Plays Quiz Updated Feb 29, 2016

Score 0/15 Timer 03:00
0 Plays Today
Question Answer % Correct
In what temperature scale does water freeze at 32° and water boil at 212°?Fahrenheit
80.2%
What board game, created in Canada, asks general knowledge questions to get 6 wedges in a variety of categories?Trivial Pursuit
76.6%
What country did Iraq invade to foment the Gulf War in the 1990s?Kuwait
70%
What Muppet serves as the host of the productions in the theater on 'The Muppet Show'?Kermit
69.5%
What word is a homophone of the antonym for bent and is an anagram of 'artist'?strait
64.6%
What animal, also associated with a Spring holiday, can be found in the Chinese Zodiac between Tiger and Dragon?rabbit
63.1%
What 18th largest U.S. city do you find yourself in if you go north from Windsor, Ontario?Detroit
56.8%
What very popular online bulletin board site has a logo that is an alien with red eyes and an antenna?Reddit
56.3%
Question Answer % Correct
What 2003 movie, based on a Laura Hillenbrand book, starred Tobey Maguire as a jockey?Seabiscuit
55.6%
What Nirvana song features the line 'A mulatto, an albino, a mosquito, my libido'?Smells Like Teen Spirit
52.3%
What term is used in baseball for the action of a player taking another player's at bat to try to get on base?pinch-hit
50.3%
What card-throwing X-Men member was born Remy LeBeau?Gambit
40%
What Catholic religious order, founded by Ignatius of Loyola, saw Francis as its first Pope?Jesuit
39.1%
What Indo-European language is the classical language of India and Hinduism?Sanskrit
31.5%
What is the English title of the Jean Paul Sartre play 'Huis Clos'?No Exit
12%

You're not logged in!

Compare scores with friends on all Sporcle quizzes.
OR
Log In

Show Comments

Extras

Top Quizzes Today


Score Distribution

Your Account Isn't Verified!

In order to create a playlist on Sporcle, you need to verify the email address you used during registration. Go to your Sporcle Settings to finish the process.

Report this User

Report this user for behavior that violates our Community Guidelines.

Details: